Flow Measurement Handbook: Industrial Designs, Operating Principles, Performance and Application. (Record no. 3864)

MARC details
005 - DATE AND TIME OF LATEST TRANSACTION
control field 20250612125951.0
020 ## - INTERNATIONAL STANDARD BOOK NUMBER
International Standard Book Number 978-1-107-04586-6
082 ## - DEWEY DECIMAL CLASSIFICATION NUMBER
Classification number 536.5 BAK
100 ## - MAIN ENTRY--PERSONAL NAME
Author name BAKER, R. C.
245 ## - TITLE STATEMENT
Title Flow Measurement Handbook: Industrial Designs, Operating Principles, Performance and Application.
250 ## - EDITION STATEMENT
Edition statement 2rd Ed
260 ## - PUBLICATION, DISTRIBUTION, ETC.
Place of publication, distribution, etc. New York,
Name of publisher, distributor, etc. Cambridge University,
Date of publication, distribution, etc. 2016.
300 ## - PHYSICAL DESCRIPTION
Extent xlvi, 745p.: ill.; figure, table
Other physical details References & Index
Dimensions 25cm
856 ## - ELECTRONIC LOCATION AND ACCESS
Link text Access Online Book
Electronic name Flow Measurement Handbook
Path www.cambridge.org
942 ## - ADDED ENTRY ELEMENTS (KOHA)
Source of classification or shelving scheme Dewey Decimal Classification
Koha item type Books
Holdings
Date last seen Total checkouts Full call number Barcode Cost, replacement price Price effective from Koha item type Lost status Source of classification or shelving scheme Damaged status Not for loan Withdrawn status Home library Current library Shelving location Date acquired Cost, normal purchase price
06/12/2025   536.5 BAK 00000012763 945993.00 06/12/2025 Books   Dewey Decimal Classification       College of Business Education Main Library College of Business Education Main Library General Collection 10/22/2024 315331.00
06/12/2025   536.5 BAK 00000012764 945993.00 06/12/2025 Books   Dewey Decimal Classification       College of Business Education Main Library College of Business Education Main Library General Collection 10/22/2024 315331.00
06/12/2025   536.5 BAK 00000012765 945993.00 06/12/2025 Books   Dewey Decimal Classification       College of Business Education Main Library College of Business Education Main Library General Collection 10/22/2024 315331.00
06/12/2025   536.5 BAK 00000012766 945993.00 06/12/2025 Books   Dewey Decimal Classification       College of Business Education Main Library College of Business Education Main Library General Collection 10/22/2024 315331.00
06/12/2025   536.5 BAK 00000012767 945993.00 06/12/2025 Books   Dewey Decimal Classification       College of Business Education Main Library College of Business Education Main Library General Collection 10/22/2024 315331.00